000 00834nam a22002417a 4500
005 2011082304564.0
008 110823t xxu||||| |||| 00| 0 eng d
010 _aENG-103562
020 _a9788172088514
_c170.00
035 _aEN-87095
037 _bDBAD/PUB
040 _aDPL
_bEng
082 _a230.35
100 _933301
_aSarma, P.P.S.
245 _aBhagawan Baba's glory of unity /
_cby P.P.S. sarma
260 _aPrasanthi Nilayam
_bSri Sathya Sai Sadhana Trust
_c2010
270 _aSri Sathya Sai Sadhana Trust
_bPrasanthi Nilayam
_e515134
300 _a450p.
_c23cm (pbk)
650 _933306
700 _933298
942 _2ddc
_cEN
_h230.35
_mSAR
999 _c55805
_d55805